El sí de las niñas

Uloženo v:
Podrobná bibliografie
Hlavní autor: Fernández de Moratín, Leandro (Autor)
Médium: Kniha
Jazyk:španělština
Vydáno: Bogotá Panamericana 1996
Vydání:1a. ed
Témata:
Tagy: Přidat tag
Žádné tagy, Buďte první, kdo vytvoří štítek k tomuto záznamu!

MARC

LEADER 00000cam a2200000 a 4500
001 UCG9457
003 CL-VaPUC
008 120316e19960000CK |||||||||||||||||spa|d
020 |a 9789583000799 
082 0 4 |a 862  |b FER  |2 21 
100 0 |a Fernández de Moratín, Leandro  |e author  |9 321783 
245 1 3 |a El sí de las niñas 
250 |a 1a. ed 
300 |a 90 p 
942 |c BK 
945 |d 20120316 00:00:00  |a dcastane 
260 |a Bogotá  |b Panamericana  |c 1996 
650 0 |a Teatro español  |9 265077 
650 7 |a COMEDIAS ESPAÑOLAS  |2 CL-VaPUC  |9 561048 
583 |a last modification  |c 20120316 11:38:00  |k Rodrigo Vera 
999 |c 347009  |d 347007